000 01434nam0a22003131 4500
001 v19\rc\1694256
005 20260406082948.0
035 _a(NLR Aleph) 005230283
090 _a5597998
_c5597998
100 _a20061002d1897 |||y0rusy50 ca
101 0 _arus
102 _aRU
105 _ay z |||||
200 1 _aПредсмертное слово увещевания приснопамятного старца-архипастыря к заблуждающимся в вере штундистам и прочим сектантам
210 _a[Киев]
_cтип. И.И. Чоколова
_dценз. 1897
215 _a10 с.
300 _aАвт. митр. Киевский Платон указан в прим.
309 _aБез тит. л. и обл.
700 0 _8rus
_7ca
_aПлатон
_cГородецкий, Николай Иванович
_cмитрополит
_f1803-1891
_3RU\NLR\AUTH\7748921
_931856
790 1 _aГородецкий
_bН. И.
_f1803-1891
_gНиколай Иванович
790 1 _aГородецкий-Шалюхин
_bН. И.
_f1803-1891
_gНиколай Иванович
790 1 _aШалюхин
_bН. И.
_f1803-1891
_gНиколай Иванович
801 0 _aRU
_bNLR
_c20061002
_gpsbo
801 0 _aRU
_bRuMoRGB
_c20061002
_2psbo
801 1 _aRU
_bProSoft-M
_c20061002
_2rusmarc
801 2 _aRU
_bNLR
_c20070322
_2rusmarc
852 _aNLR
_j20.60.2.15
942 _cBOOK
980 _aNB